MARC

LEADER 00000nam0a2200000 4500
001 152501
005 20231031151011.0
035 |a (RuTPU)RU\TPU\book\165337 
090 |a 152501 
100 |a 20090202d1985 m y0rusy50 ca 
101 0 |a rus 
102 |a RU 
105 |a a z 000zy 
200 1 |a Автомобили ЗИЛ-130, ЗИЛ-138 и их модификации  |e руководство по эксплуатации  |f Московский автомобильный завод 
210 |a Москва  |c Машиностроение  |d 1985 
215 |a 280 с.  |c ил. 
610 1 |a автомобили 
610 1 |a эксплуатация 
610 1 |a ЗИЛ-130 
610 1 |a ЗИЛ-138 
610 1 |a двигатели 
610 1 |a агрегаты 
610 1 |a электрооборудование 
610 1 |a техническое обслуживание 
610 1 |a модификация 
675 |a 629.114.4.004  |v 3 
712 0 2 |a Московский автомобильный завод  |2 stltpush  |3 (RuTPU)RU\TPU\col\14707 
801 1 |a RU  |b 63413507  |c 20090202  |g PSBO 
801 2 |a RU  |b 63413507  |c 20091105  |g PSBO 
900 |a Автомобили и тракторы 
900 |a Электрооборудование автомобилей и тракторов 
900 |a Эксплуатация и ремонт электрооборудования автомобилей и тракторов 
942 |c BK